000 00543cam a22001217a 4500
008 180718b xxu||||| |||| 00| 0 eng d
082 _aT19 Ec74/HIMA
245 _aEconomic survey, Himachal Pradesh
_cby Department of Economics and Statistics, Himachal Pradesh
260 _aSimla
_bGovernment of Himachal Pradesh
_c
500 _aContents: Library has 1971, 1977, 1975, 1980, 1983, 1989, 1990, 1996- 2006, 2009/10-2011/12
650 _aEconomic surveys - India - Himachal Pradesh
700 _aHimachal Pradesh. Department of Economics and Statistics
999 _c497185
_d497185